| 000 | 00522 a2200157 4500 | ||
|---|---|---|---|
| 005 | 20260427143939.0 | ||
| 008 | 260420b |||||||| |||| 00| 0 eng d | ||
| 020 | _a9789370989245 | ||
| 080 |
_a613.95=M _bSOU/K |
||
| 100 | _aSoumya Sarin | ||
| 245 | _aKuttikkaryam kuttikkaliyalla(കുട്ടിക്കാര്യം കുട്ടിക്കളിയല്ല) | ||
| 260 |
_bD C books _aKottayam _c2025 |
||
| 300 | _a224p. | ||
| 653 |
_aHealth -Mother and child care _aMotherhood _amaternal care |
||
| 942 | _cBK | ||
| 999 |
_c115285 _d115284 |
||